[Event "IECC O-4836"]
[Site "IECC email"]
[Date "2019.07.11"]
[Round "?"]
[White "Bolash, John"]
[Black "Keiper, Archie"]
[Result "0-1"]
[WhiteElo "1492"]
[BlackElo "1734"]
[PlyCount "30"]
[EventDate "2019.??.??"]
[EventType "swiss (corr)"]
[EventRounds "2"]
[SourceTitle "Corr 2024"]
[Source "ChessBase"]
[SourceDate "2023.10.19"]
[SourceVersion "1"]
[SourceVersionDate "2023.10.19"]
[SourceQuality "1"]
[WhiteTeam "Vereinigte Staaten"]
[BlackTeam "Vereinigte Staaten"]
[WhiteTeamCountry "USA"]
[BlackTeamCountry "USA"]

1. d4 Nf6 2. c4 a6 3. Nc3 c5 4. dxc5 e5 5. Nf3 Bxc5 6. Nxe5 0-0 7. e3 Nc6 8. Nd3 d6 9. Nf4 b5 10. cxb5 Ne5 11. Be2 axb5 12. Nxb5 g5 13. Nh3 Bxh3 14. gxh3 Qd7 15. Bf1 Qc6 0-1

[Event "IECC O-4731"]
[Site "IECC email"]
[Date "2018.08.12"]
[Round "?"]
[White "Bolash, John"]
[Black "Dunn, Philip Michael"]
[Result "1-0"]
[WhiteElo "1461"]
[BlackElo "1668"]
[PlyCount "69"]
[EventDate "2018.??.??"]
[EventType "swiss (corr)"]
[EventRounds "2"]
[SourceTitle "Corr 2020"]
[Source "ChessBase"]
[SourceDate "2019.09.30"]
[SourceVersion "1"]
[SourceVersionDate "2019.09.30"]
[SourceQuality "1"]
[WhiteTeam "United States"]
[BlackTeam "Italy"]
[WhiteTeamCountry "USA"]
[BlackTeamCountry "ITA"]

1. Nf3 Nf6 2. g3 g6 3. c4 Bg7 4. Bg2 0-0 5. d4 c5 6. Nc3 d5 7. dxc5 dxc4 8. Qxd8 Rxd8 9. Ne5 Na6 10. Nxc4 Nxc5 11. Be3 Be6 12. Na5 Nce4 13. Bxe4 Nxe4 14. Nxe4 b6 15. Nb3 Bh3 16. Nc3 Rac8 17. Rc1 Kf8 18. f3 e6 19. Kf2 h5 20. Nb5 Bxb2 21. Rxc8 Rxc8 22. Nxa7 Rc2 23. Rd1 Bf6 24. Rd2 Rc7 25. Bxb6 Rb7 26. Bc5+ Kg7 27. Nc6 e5 28. e4 Rc7 29. Nca5 g5 30. Rd6 Be7 31. Rc6 Rxc6 32. Nxc6 Bxc5+ 33. Nxc5 Kf6 34. a4 g4 35. a5 1-0

[Event "IECC O-4629"]
[Site "IECC email"]
[Date "2017.11.22"]
[Round "?"]
[White "Bolash, John"]
[Black "Hargreaves, Richard"]
[Result "0-1"]
[WhiteElo "1425"]
[BlackElo "1649"]
[PlyCount "30"]
[EventDate "2017.??.??"]
[EventType "swiss (corr)"]
[EventRounds "2"]
[SourceTitle "Corr 2020"]
[Source "ChessBase"]
[SourceDate "2019.09.30"]
[SourceVersion "1"]
[SourceVersionDate "2019.09.30"]
[SourceQuality "1"]
[WhiteTeam "United States"]
[BlackTeam "England"]
[WhiteTeamCountry "USA"]
[BlackTeamCountry "ENG"]

1. c4 e5 2. Nc3 Nf6 3. Qc2 Nc6 4. a3 Nd4 5. Qa4 Be7 6. e3 Nc6 7. Nf3 0-0 8. d4 exd4 9. exd4 d5 10. c5 Re8 11. Be2 Bxc5 12. dxc5 d4 13. Nxd4 Nxd4 14. Qd1 Bf5 15. Be3 Nc2+ 0-1

[Event "IECC O-4572"]
[Site "IECC email"]
[Date "2017.07.24"]
[Round "?"]
[White "Downes, John"]
[Black "Bolash, John"]
[Result "1-0"]
[WhiteElo "1339"]
[BlackElo "1445"]
[PlyCount "115"]
[EventDate "2017.??.??"]
[EventType "swiss (corr)"]
[EventRounds "2"]
[SourceTitle "Corr 2020"]
[Source "ChessBase"]
[SourceDate "2019.09.30"]
[SourceVersion "1"]
[SourceVersionDate "2019.09.30"]
[SourceQuality "1"]
[WhiteTeam "Wales"]
[BlackTeam "United States"]
[WhiteTeamCountry "WLS"]
[BlackTeamCountry "USA"]

1. e4 e5 2. Nf3 Nc6 3. Bb5 a6 4. Ba4 Nf6 5. 0-0 Nxe4 6. Re1 Nc5 7. Bxc6 dxc6 8. Rxe5+ Ne6 9. d4 Bd6 10. Re1 0-0 11. Nc3 b5 12. Ne4 Be7 13. c3 Bb7 14. Be3 Qd5 15. Qc2 c5 16. Nxc5 Nxc5 17. dxc5 Bxc5 18. Bxc5 Qxc5 19. Re5 Qc6 20. Qe2 h6 21. Re1 Rad8 22. h3 Qd6 23. Nd4 g6 24. Qe3 Kh7 25. a3 c5 26. Nb3 c4 27. Nd4 Ba8 28. f4 Rg8 29. Qf2 Bd5 30. g4 Qd7 31. Re7 Qd6 32. f5 g5 33. R1e5 Qf6 34. Qe3 Qd6 35. Ra7 Ra8 36. Rae7 Rad8 37. Qf2 Qf6 38. Nc2 Rd7 39. Rxd7 Qxe5 40. Nb4 Ba8 41. Rxf7+ Kh8 42. Qd4 Qxd4+ 43. cxd4 a5 44. Na6 Rg7 45. Rf8+ Rg8 46. Rf6 Kg7 47. Rb6 Rd8 48. Nc7 Bd5 49. Rxb5 Bf7 50. d5 a4 51. Ne6+ Bxe6 52. dxe6 Rd1+ 53. Kf2 Rd3 54. e7 Kf7 55. Re5 Ke8 56. f6 Rd2+ 57. Ke1 c3 58. f7+ 1-0

[Event "IECC O-4492"]
[Site "IECC email"]
[Date "2017.02.17"]
[Round "?"]
[White "Bolash, John"]
[Black "Schwenger, Kurt"]
[Result "1/2-1/2"]
[WhiteElo "1431"]
[BlackElo "1494"]
[PlyCount "90"]
[EventDate "2017.??.??"]
[EventType "swiss (corr)"]
[EventRounds "2"]
[SourceTitle "Corr 2020"]
[Source "ChessBase"]
[SourceDate "2019.09.30"]
[SourceVersion "1"]
[SourceVersionDate "2019.09.30"]
[SourceQuality "1"]
[WhiteTeam "United States"]
[BlackTeam "Germany"]
[WhiteTeamCountry "USA"]
[BlackTeamCountry "GER"]

1. e4 c5 2. Nf3 d6 3. d4 cxd4 4. Nxd4 Nf6 5. Nc3 a6 6. Be2 e5 7. Nb3 Be7 8. 0-0 0-0 9. Kh1 Nc6 10. Be3 Be6 11. f4 exf4 12. Bxf4 d5 13. Nxd5 Nxd5 14. exd5 Bxd5 15. Bf3 Bxf3 16. Qxf3 Qd7 17. c3 Rad8 18. Qg3 Rfe8 19. Rae1 Bf8 20. Rxe8 Rxe8 21. Re1 Rxe1+ 22. Qxe1 f5 23. Qd2 Qxd2 24. Nxd2 Bc5 25. Nb3 Bb6 26. h3 Kf7 27. Kh2 Ke6 28. Kg3 Kd5 29. Kf3 Ne5+ 30. Bxe5 Kxe5 31. Nd2 Ba7 32. Nc4+ Kd5 33. b3 b5 34. Nd2 Bb8 35. Ke3 g5 36. c4+ Kc5 37. Nf3 g4 38. hxg4 fxg4 39. Nd2 Kb4 40. cxb5 axb5 41. Nb1 h5 42. Ke4 h4 43. a4 bxa4 44. bxa4 Kxa4 45. Nd2 Kb4 1/2-1/2

[Event "IECC O-4265"]
[Site "IECC email"]
[Date "2016.04.03"]
[Round "?"]
[White "Baity, Tony Benjamin"]
[Black "Bolash, John"]
[Result "1-0"]
[WhiteElo "1440"]
[BlackElo "1450"]
[PlyCount "31"]
[EventDate "2016.??.??"]
[EventType "swiss (corr)"]
[EventRounds "2"]
[SourceTitle "Corr 2020"]
[Source "ChessBase"]
[SourceDate "2019.09.30"]
[SourceVersion "1"]
[SourceVersionDate "2019.09.30"]
[SourceQuality "1"]
[WhiteTeam "United States"]
[BlackTeam "United States"]
[WhiteTeamCountry "USA"]
[BlackTeamCountry "USA"]

1. d4 d5 2. Nf3 c6 3. Bf4 Bf5 4. e3 Nf6 5. Nbd2 h6 6. c4 e6 7. Ne5 Bd6 8. Qb3 Qe7 9. c5 Bxe5 10. Bxe5 Na6 11. f3 0-0-0 12. Bxa6 bxa6 13. Qb8+ Kd7 14. Qb7+ Ke8 15. Qxc6+ Qd7 16. Qxa6 1-0

[Event "IECC O-4260"]
[Site "IECC email"]
[Date "2016.03.28"]
[Round "?"]
[White "Bolash, John"]
[Black "Graupera, Carlos"]
[Result "1-0"]
[WhiteElo "1422"]
[BlackElo "1469"]
[PlyCount "31"]
[EventDate "2016.??.??"]
[EventType "swiss (corr)"]
[EventRounds "2"]
[SourceTitle "Corr 2020"]
[Source "ChessBase"]
[SourceDate "2019.09.30"]
[SourceVersion "1"]
[SourceVersionDate "2019.09.30"]
[SourceQuality "1"]
[WhiteTeam "United States"]
[BlackTeam "United States"]
[WhiteTeamCountry "USA"]
[BlackTeamCountry "USA"]

1. e4 e6 2. d4 d5 3. Nd2 Nf6 4. e5 Nfd7 5. Ngf3 c5 6. c3 Nc6 7. Bd3 cxd4 8. cxd4 Qb6 9. Qa4 Be7 10. 0-0 0-0 11. a3 f6 12. exf6 Nxf6 13. Bb5 Bd7 14. Re1 a6 15. Bxc6 Bxc6 16. Rxe6 1-0

[Event "IECC O-4084"]
[Site "IECC email"]
[Date "2015.10.16"]
[Round "?"]
[White "Bolash, John"]
[Black "Graupera, Carlos"]
[Result "0-1"]
[WhiteElo "1463"]
[BlackElo "1476"]
[PlyCount "22"]
[EventDate "2015.??.??"]
[EventType "swiss (corr)"]
[EventRounds "2"]
[SourceTitle "Corr 2020"]
[Source "ChessBase"]
[SourceDate "2019.09.30"]
[SourceVersion "1"]
[SourceVersionDate "2019.09.30"]
[SourceQuality "1"]
[WhiteTeam "United States"]
[BlackTeam "United States"]
[WhiteTeamCountry "USA"]
[BlackTeamCountry "USA"]

1. e4 e6 2. d4 d5 3. Nd2 Nf6 4. e5 Nfd7 5. Bd3 c5 6. c3 Nc6 7. Ne2 cxd4 8. cxd4 f6 9. exf6 Nxf6 10. 0-0 Bd6 11. Nc3 Nxd4 0-1

[Event "IECC Swiss-565.3"]
[Site "IECC email"]
[Date "2013.10.25"]
[Round "?"]
[White "Bolash, John"]
[Black "Hassan, William"]
[Result "1/2-1/2"]
[WhiteElo "1399"]
[BlackElo "1790"]
[PlyCount "43"]
[EventDate "2013.??.??"]
[EventType "swiss (corr)"]
[EventRounds "1"]
[SourceTitle "Telechess CBM 165"]
[Source "ChessBase"]
[SourceDate "2015.03.11"]
[SourceVersion "1"]
[SourceVersionDate "2015.03.11"]
[SourceQuality "1"]
[WhiteTeam "US of America"]
[WhiteTeamCountry "USA"]

1. e4 c5 2. Nf3 e6 3. d4 cxd4 4. Nxd4 Nc6 5. Nc3 Nf6 6. Ndb5 d6 7. Bf4 e5 8. Bg5 a6 9. Na3 Be6 10. Nc4 Be7 11. Be3 Nxe4 12. Nxe4 d5 13. Nb6 Rb8 14. Nc5 d4 15. Nxe6 fxe6 16. Nc4 dxe3 17. Qxd8+ Rxd8 18. Nxe3 e4 19. Bc4 Kf7 20. c3 Bc5 21. Ke2 Ne5 22. Bb3 1/2-1/2

[Event "IECC O-3457"]
[Site "IECC email"]
[Date "2012.06.21"]
[Round "?"]
[White "Rubandhas, Samprabhu"]
[Black "Bolash, John"]
[Result "1-0"]
[WhiteElo "1337"]
[BlackElo "1418"]
[PlyCount "55"]
[EventDate "2012.??.??"]
[EventType "swiss (corr)"]
[EventRounds "2"]
[SourceTitle "Telechess CBM 165"]
[Source "ChessBase"]
[SourceDate "2015.03.11"]
[SourceVersion "1"]
[SourceVersionDate "2015.03.11"]
[SourceQuality "1"]
[WhiteTeam "US of America"]
[BlackTeam "US of America"]
[WhiteTeamCountry "USA"]
[BlackTeamCountry "USA"]

1. e4 c5 2. Nf3 d6 3. d4 cxd4 4. Nxd4 Nf6 5. Nc3 g6 6. f4 Nc6 7. Nxc6 bxc6 8. e5 Nd7 9. Qf3 d5 10. Be3 e6 11. Be2 Be7 12. 0-0-0 0-0 13. h4 f5 14. Qg3 Kg7 15. h5 Rh8 16. Rh3 Nf8 17. hxg6 Nxg6 18. Rdh1 Bd7 19. Rh6 Qg8 20. Na4 Bf8 21. Bh5 Be8 22. Bc5 Bf7 23. Qg5 Bxc5 24. Qf6+ Kf8 25. Nxc5 Ke8 26. Bxg6 Bxg6 27. Rxg6 Qxg6 28. Qxh8+ 1-0

[Event "IECC O-3275"]
[Site "IECC email"]
[Date "2011.01.20"]
[Round "?"]
[White "Hargreaves, John Richard"]
[Black "Bolash, John"]
[Result "1/2-1/2"]
[WhiteElo "1511"]
[BlackElo "1445"]
[PlyCount "51"]
[EventDate "2011.??.??"]
[EventType "swiss (corr)"]
[EventRounds "2"]
[SourceTitle "Corr 2013"]
[Source "ChessBase"]
[SourceDate "2012.11.12"]
[SourceVersion "1"]
[SourceVersionDate "2012.11.12"]
[SourceQuality "1"]
[WhiteTeam "England"]
[BlackTeam "US of America"]
[WhiteTeamCountry "ENG"]
[BlackTeamCountry "USA"]

1. e4 d6 2. Nf3 Nf6 3. Nc3 g6 4. d4 Bg7 5. Be2 0-0 6. 0-0 c6 7. h3 Nbd7 8. Be3 e5 9. dxe5 Nxe5 10. Nxe5 dxe5 11. Qxd8 Rxd8 12. Rad1 Rxd1 13. Rxd1 Be6 14. a3 Ne8 15. g4 f6 16. f3 g5 17. Kf2 Kf7 18. Kg3 Nc7 19. h4 h6 20. Bc4 Ke8 21. Bxe6 Nxe6 22. Na4 Bf8 23. hxg5 fxg5 24. b4 b6 25. Nb2 Rd8 26. Rxd8+ 1/2-1/2

[Event "IECC O-3169"]
[Site "IECC email"]
[Date "2010.06.17"]
[Round "?"]
[White "Von Rosenberg, Clemens"]
[Black "Bolash, John"]
[Result "1/2-1/2"]
[WhiteElo "1444"]
[BlackElo "1414"]
[PlyCount "51"]
[EventDate "2010.??.??"]
[EventType "swiss (corr)"]
[EventRounds "2"]
[SourceTitle "Telechess CBM 149"]
[Source "ChessBase"]
[SourceDate "2012.07.17"]
[SourceVersion "1"]
[SourceVersionDate "2012.07.17"]
[SourceQuality "1"]
[WhiteTeam "Germany"]
[BlackTeam "US of America"]
[WhiteTeamCountry "GER"]
[BlackTeamCountry "USA"]

1. e4 c5 2. Nf3 g6 3. Bc4 Bg7 4. 0-0 Nf6 5. e5 Ng4 6. Bxf7+ Kf8 7. e6 Qb6 8. exd7 Bxd7 9. Bb3 Nc6 10. d3 Na5 11. h3 Nxb3 12. axb3 Ne5 13. Nxe5 Bxe5 14. Re1 Bf6 15. Nc3 Kf7 16. Qf3 Qc6 17. Ne4 Kg7 18. Qe3 h6 19. Qxc5 Qxc5 20. Nxc5 Bc6 21. Bf4 g5 22. Be5 Kf7 23. b4 a6 24. Re2 Rhe8 25. f3 Bxe5 26. Rxe5 1/2-1/2

[Event "IECC O-3066"]
[Site "IECC email"]
[Date "2009.12.02"]
[Round "?"]
[White "Bolash, John"]
[Black "Stearns, Ron"]
[Result "1-0"]
[WhiteElo "1409"]
[BlackElo "1291"]
[PlyCount "66"]
[EventDate "2009.??.??"]
[EventType "swiss (corr)"]
[EventRounds "2"]
[SourceTitle "Telechess CBM 149"]
[Source "ChessBase"]
[SourceDate "2012.07.17"]
[SourceVersion "1"]
[SourceVersionDate "2012.07.17"]
[SourceQuality "1"]
[WhiteTeam "US of America"]
[BlackTeam "US of America"]
[WhiteTeamCountry "USA"]
[BlackTeamCountry "USA"]

1. Nf3 f5 2. g3 Nf6 3. Bg2 e6 4. 0-0 Be7 5. d3 0-0 6. c4 d6 7. Nc3 Qe8 8. Nd4 a6 9. Qb3 Nbd7 10. Nxe6 Nc5 11. Nxc5 dxc5 12. Be3 Rb8 13. d4 cxd4 14. Bxd4 Kh8 15. Rad1 b6 16. Be5 Bd8 17. Bd4 Ne4 18. Nxe4 fxe4 19. Rd2 Bg5 20. Be3 Bxe3 21. Qxe3 Bb7 22. c5 bxc5 23. Qxc5 e3 24. fxe3 Rxf1+ 25. Bxf1 Qe4 26. Kf2 Rc8 27. Rd4 Qe8 28. Rf4 c6 29. Bg2 Kg8 30. h4 Qd7 31. h5 h6 32. g4 Re8 33. Be4 Qe7 1-0